00786nam a2200181 i 450000100060000000300090000600700030001500800410001810000230005924501530008225000260023526001020026130000440036370000290040785200310043699900170046795201200048436870ES-MaACLt|030219s1955 mx ||||1| spa d1 aBray, W. E.93152510aMétodos de laboratorio clínico / cW. E. Bray ; segunda edición en inglés traducida de la cuarta edición en inglés por Oscar G. Carrera. a2ª ed. en español. aMéxico : bUnión Tipográfica Editorial Hispano-Americana, c[1955] (fImpresiones Modernas) aXVIII lám., 557 p. : bil. ; c26 cm.1 aCarrera, Oscar G.935633 aES-MaACLjC-9451 bR.37886 c36870d36870 00104070aATENEOMbATENEOMcSPALd2008-01-17eSCl0oC-9451p1038775r2023-02-23 00:00:00w2023-02-23yMONOGRAFIA